| 000 | 00884nam a22002295a 4500 | ||
|---|---|---|---|
| 003 | OSt | ||
| 005 | 20170403153530.0 | ||
| 008 | 160922s2010 ua frb 000 0 ara d | ||
| 015 | _a2010 / 24646 | ||
| 040 |
_aEG-ScBUE _bara _cEG-ScBUE |
||
| 043 | _af-ua--- | ||
| 082 | 0 | 4 |
_222 _bع ب د _a345.6205 |
| 100 | 1 | _aعبد الفتاح، محمد السعيد. | |
| 245 | 1 | 2 |
_aالضرورة الإجرائية في قانون الإجراءات الجنائية / _cمحمد السعيد عبد الفتاح. |
| 260 |
_aالقاهرة : _bدار النهضة العربية، _c[2010] |
||
| 300 |
_a202 ص. ؛ _c24 سم. |
||
| 504 | _aيشتمل على إرجاعات ببليوجرافية. | ||
| 650 | 7 |
_2BUEsh _aالضرورة (قانون) _zمصر. |
|
| 650 | 7 |
_2BUEsh _aقانون الإجراءات الجنائية _zمصر. _941140 |
|
| 653 |
_bLLAAWW _cApril2017 |
||
| 942 | _2ddc | ||
| 999 |
_c24592 _d24564 |
||